000 00208 a2200097 4500
001 21570
100 _aChurchill, W D
245 _aThe second world war No.3
260 _a
_bCassell
_c
090 _c15146
_d15146
942 _aNUST-CAE
_cM
_c5721
999 _c256643
_d256643